000 01274nam a22003617a 4500
003 CHAP
005 20220329141217.0
008 971010s1975 r 00010 d
010 _a64418
011 _a65390
035 _a72105
040 _cCHAP
090 _aFolleto 5101
100 0 0 _aLakshminarayana, S.
_964515
245 1 _aEvaluación de formulaciones de cera de candelilla con limón mexicano (Citrus aurantifolia)
260 _aMéxico, D.F. :
_bCONAFRUT,
_c1975
300 _a22 p.
490 _aSerie Investigaciones fisiológicas
_v; 7
590 _aBATCH-UPD
_b10
_c20130110
_lUCH01
_h0132
590 _aBATCH-UPD
_b10
_c20130110
_lUCH01
_h0806
590 _aBATCH-UPD
_b10
_c20130409
_lUCH01
_h2128
590 _aBATCH-UPD
_b10
_c20130410
_lUCH01
_h1117
590 _aBATCH-UPD
_b10
_c20130914
_lUCH01
_h0916
590 _aCONVERSION
_b10
_c20130109
_lUCH01
_h1335
650 1 4 _aCera de candelilla.
_921331
650 1 4 _aLimón
_xPreservación.
_966846
710 0 _aComisión Nacional de Fruticultura. México.
_925772
830 0 _aSerie Investigaciones fisiológicas
_v; 7
_9104929
901 _aBK
942 _cFOLL
949 _aFolleto 5101
_bBC
_cFOLL
_d-77801
_eTS1
_i72105
_si
_t25.00
949 _aFolleto 5101
_bBC
_cFOLL
_d-77804
_eTS1
_fc.2
_i72105
_si
_t25.00
999 _c64418
_d64418